000 01989nam a2200361 c 4500
003 BLK
005 20180422094838.0
008 180413b bul|||||r ||||||| ||bul||
010 _aKNG00019207000
020 _a954-9513-13-0
_bиздат.: Мириам
040 _aBLK
041 _aBUL
_cBUL
080 _aРазпространяване на научните знания - популяризиране на науката, занимателна наука, учение за явленията научно необяснени, заблуждения и фалшификации, илюзии и др. п., секретност на научните знания
_b001.9
_x
_z001.9
080 _aЗвезди и звездни системи. Вселена - Космически лъчи, междузвездно пространство, Галактика, Млечен път, космология, извънгалактически системи
_b524
_x
_z524
100 1 _aБурде, Жилда
_eпърви автор
_9261847
700 1 _aОббов, Петър
_eпрев. от фр.
_9364060
139 _aБурде, Жилда
_bБ 87
245 1 0 _aНЛО - 50 години мистерия
_bРазсекретени док. на ФБР, ЦРУ, КГБ, ВВС на САЩ
_cЖилда Бурде; прев. от фр. Петър Оббов.
257 _aFRA
260 София
_bМириам
_c1997
300 _a303 с.
_bс ил., факс., сх.
_c20 см
380 _a0
500 _aОриг. загл. OUNIS - 50 ans de secret / Gildas Bourdais. - Офс. изд. - Библиогр. с. 266-278.
650 4 _aИзвънземни цивилизации
_9242018
650 4 _aКосмология
_9159537
653 _aизвънземни цивилизации
653 _aкосмология
852 _aЦб 194123
856 4 _qpdf
_u
856 4 _qpdf
_u
942 _cKNG
_n0
944 _aCR
_c15.01.2003
_kГеновева_Генчева
944 _aED
_c22.04.2010
_k
999 _c17267
_d17267